[Event "TCh-CHN 2017"]
[Site "China CHN"]
[Date "2017.07.29"]
[Round "11.3"]
[Board "1"]
[White "Fang, Yuxiang"]
[Black "Yu, Ruiyuan"]
[Result "1/2-1/2"]
[WhiteTitle "GM"]
[BlackTitle "GM"]
[WhiteElo "2497"]
[BlackElo "2499"]
[WhiteTeam "Qingdao"]
[BlackTeam "Jiangsu"]
[WhiteFideId "8605840"]
[BlackFideId "8603090"]
[EventDate "2017.04.18"]

1. d4 d5 2. c4 c6 3. cxd5 cxd5 4. Nc3 Nf6 5. Nf3 Nc6 6. Bf4 Bf5 7. e3 e6 8. Qb3
Bb4 9. Ne5 Qb6 10. Be2 Ne4 11. g4 Bg6 12. f3 Nxe5 13. Bxe5 f6 14. fxe4 fxe5 15.
O-O Bxc3 16. Qa4+ Ke7 17. bxc3 Bxe4 18. Qa3+ Ke8 19. Rf2 Rd8 20. Qa4+ Ke7 21.
Raf1 Bg6 22. dxe5 Qc5 23. Bd3 Rhf8 24. Bxg6 hxg6 25. Qc2 Qxe3 26. Qxg6 Rxf2 27.
Rxf2 Qe1+ 28. Rf1 Qe3+ 29. Rf2 Qe1+ 30. Rf1 Qe3+ 1/2-1/2

[Event "TCh-CHN 2017"]
[Site "China CHN"]
[Date "2017.07.29"]
[Round "11.3"]
[Board "2"]
[White "Le, Quang Liem"]
[Black "Lin, Chen"]
[Result "1-0"]
[WhiteTitle "GM"]
[BlackTitle "GM"]
[WhiteElo "2737"]
[BlackElo "2477"]
[WhiteTeam "Qingdao"]
[BlackTeam "Jiangsu"]
[WhiteFideId "12401137"]
[BlackFideId "8602298"]
[EventDate "2017.04.18"]

1. Nf3 Nf6 2. g3 d5 3. Bg2 Bg4 4. O-O c6 5. d3 Bxf3 6. Bxf3 g6 7. e4 dxe4 8.
dxe4 Qxd1 9. Rxd1 Nbd7 10. Nd2 Ne5 11. Be2 g5 12. f3 e6 13. Kg2 Rg8 14. Nb3 Nfd7
15. Be3 Be7 16. a4 a5 17. Rd2 b6 18. Kf2 O-O-O 19. h3 Nc5 20. Rxd8+ Rxd8 21.
Nxc5 Bxc5 22. Bxc5 bxc5 23. f4 gxf4 24. gxf4 Ng6 25. Ke3 Kc7 26. Rg1 Rd4 27. b3
f5 28. Bd3 e5 29. fxe5 f4+ 30. Kf3 Nxe5+ 31. Kxf4 Kd6 32. Rg8 Nxd3+ 33. cxd3 Ke6
34. h4 Rxd3 35. Rg3 Rd1 36. Rc3 Kd6 37. h5 Rf1+ 38. Kg5 Rf7 39. e5+ Kd5 40. e6
Re7 41. Kf5 Kd4 42. Rc4+ Kd5 43. Rc1 1-0

[Event "TCh-CHN 2017"]
[Site "China CHN"]
[Date "2017.07.29"]
[Round "11.3"]
[Board "3"]
[White "Wang, Tongsen"]
[Black "Wei, Yi"]
[Result "0-1"]
[BlackTitle "GM"]
[WhiteElo "2395"]
[BlackElo "2743"]
[WhiteTeam "Qingdao"]
[BlackTeam "Jiangsu"]
[WhiteFideId "8608067"]
[BlackFideId "8603405"]
[EventDate "2017.04.18"]

1. e4 c6 2. c4 d5 3. exd5 cxd5 4. cxd5 Nf6 5. Qa4+ Nbd7 6. Nc3 g6 7. Bc4 Bg7 8.
Nf3 a6 9. d3 O-O 10. Qa3 b6 11. O-O Bb7 12. Be3 b5 13. Bb3 Nb6 14. Bxb6 Qxb6 15.
Qxe7 a5 16. Qe3 Qxe3 17. fxe3 a4 18. Bd1 Ng4 19. Nxb5 Nxe3 20. Re1 Nxd1 21.
Rexd1 Bxd5 22. d4 Rab8 23. Nc3 Bxf3 24. gxf3 Rxb2 25. a3 Rc2 26. Nb5 Rd8 27.
Rac1 Rb2 28. Rb1 Bxd4+ 29. Kh1 Rxb1 30. Rxb1 Be5 31. Rb4 Rd1+ 32. Kg2 Rd2+ 33.
Kf1 Bxh2 34. Rxa4 Bg3 35. Rg4 Rf2+ 36. Kg1 Rxf3 37. Kg2 Rb3 38. Nd4 Rd3 0-1

[Event "TCh-CHN 2017"]
[Site "China CHN"]
[Date "2017.07.29"]
[Round "11.3"]
[Board "4"]
[White "Guo, Qi"]
[Black "Sun, Fanghui"]
[Result "1/2-1/2"]
[WhiteTitle "IM"]
[WhiteElo "2396"]
[BlackElo "2126"]
[WhiteTeam "Jiangsu"]
[BlackTeam "Qingdao"]
[WhiteFideId "8604002"]
[BlackFideId "8604150"]
[EventDate "2017.04.18"]

1. c4 e5 2. Nc3 Nf6 3. Nf3 Nc6 4. g3 d5 5. cxd5 Nxd5 6. Bg2 Nb6 7. O-O Be7 8. d3
O-O 9. a3 Re8 10. Be3 Bf8 11. b4 Nd4 12. Bxd4 exd4 13. Nb5 a5 14. bxa5 Rxa5 15.
Nbxd4 Rxa3 16. Rxa3 Bxa3 17. Qc2 c5 18. Nb3 Qe7 19. e3 Bf5 20. Nh4 Be6 21. Na5
Bb4 22. Nc4 Qc7 23. Nxb6 Qxb6 24. Ra1 Rd8 25. Be4 g6 26. Ng2 f5 27. Bf3 Bf7 28.
h4 Qf6 29. Ra7 Qc3 30. Qxc3 Bxc3 31. Rxb7 Rxd3 32. Rc7 Bb4 33. Nf4 Rd2 34. Be2
h6 35. Kf1 Ba3 36. g4 fxg4 37. Bxg4 Rd6 38. Be2 Rd2 39. Bg4 Rd6 40. Kg2 Bb4 41.
e4 Rd4 42. Kf3 c4 43. e5 Bd2 44. Ne6 Rd3+ 45. Ke4 h5 46. Rc8+ Kh7 47. Ng5+ Bxg5
48. e6 Bxe6 49. Bxe6 Bxh4 50. Bxc4 Rd6 51. f4 Rd8 52. Rc7+ Kh6 53. Bf7 Bf6 54.
Be6 1/2-1/2

[Event "TCh-CHN 2017"]
[Site "China CHN"]
[Date "2017.07.29"]
[Round "11.3"]
[Board "5"]
[White "Yuan, Ye"]
[Black "Yao, Lan"]
[Result "1/2-1/2"]
[BlackTitle "WIM"]
[WhiteElo "2159"]
[BlackElo "2330"]
[WhiteTeam "Jiangsu"]
[BlackTeam "Qingdao"]
[WhiteFideId "8608415"]
[BlackFideId "8610835"]
[EventDate "2017.04.18"]

1. d4 Nf6 2. c4 e6 3. Nc3 Bb4 4. Qc2 O-O 5. a3 Bxc3+ 6. Qxc3 Ne4 7. Qc2 d5 8.
Nf3 b6 9. Bf4 c5 10. e3 Bb7 11. Bd3 Nd7 12. cxd5 exd5 13. O-O Rc8 14. Qe2 c4 15.
Bc2 Qe7 16. Ne5 Nxe5 17. Bxe5 f6 18. Bf4 c3 19. bxc3 Rxc3 20. f3 Ng5 21. Bf5 Ne6
22. Bxe6+ Qxe6 23. Rfc1 Rfc8 24. Qd2 Qc6 25. Rxc3 Qxc3 26. Qxc3 Rxc3 27. Kf2
Rc2+ 28. Kg3 Kf7 29. Bd6 Bc6 30. h4 h5 31. Rb1 b5 32. Bb4 Ke6 33. Rb3 Kf5 34.
Rc3 Rxc3 35. Bxc3 g5 36. Bb4 Bd7 37. Bc3 Bc6 38. Bb4 Bd7 39. Bc3 1/2-1/2

[Event "TCh-CHN 2017"]
[Site "China CHN"]
[Date "2017.07.29"]
[Round "11.4"]
[Board "1"]
[White "Liu, Qingnan"]
[Black "Grischuk, Alexander"]
[Result "0-1"]
[WhiteTitle "GM"]
[BlackTitle "GM"]
[WhiteElo "2522"]
[BlackElo "2772"]
[WhiteTeam "Shenzhen"]
[BlackTeam "Shanghai"]
[WhiteFideId "8603294"]
[BlackFideId "4126025"]
[EventDate "2017.04.18"]

1. e4 c5 2. Nf3 d6 3. Bb5+ Nd7 4. d4 cxd4 5. Qxd4 a6 6. Be2 Ngf6 7. O-O Qc7 8.
c4 b6 9. Nc3 e6 10. b3 Bb7 11. Bb2 Be7 12. b4 O-O 13. a3 Rac8 14. Rac1 Qb8 15.
h3 Rfe8 16. Rfd1 Bf8 17. Nd2 Ba8 18. Qe3 Qb7 19. f4 h6 20. Qf2 Red8 21. Bd3 Qb8
22. Re1 Be7 23. Nb3 Nh7 24. Nd4 Nhf8 25. Nf3 Ng6 26. Qe3 Nh4 27. Nh2 Ng6 28. Nf3
Nh4 29. Nh2 Ng6 30. Rc2 e5 31. g3 b5 32. cxb5 exf4 33. gxf4 axb5 34. Rf1 Nf6 35.
Rg2 d5 36. Nxd5 Rxd5 37. exd5 Nxd5 38. Qg3 Bh4 39. Qf3 Ndxf4 40. Be4 Bxe4 41.
Qxe4 Nxg2 42. Qxg2 Qg3 43. Bd4 Rc2 44. Qxg3 Bxg3 45. Ng4 Nf4 46. Rf3 Rc1+ 0-1

[Event "TCh-CHN 2017"]
[Site "China CHN"]
[Date "2017.07.29"]
[Round "11.4"]
[Board "2"]
[White "Wang, Hao"]
[Black "Ni, Hua"]
[Result "0-1"]
[WhiteTitle "GM"]
[BlackTitle "GM"]
[WhiteElo "2709"]
[BlackElo "2671"]
[WhiteTeam "Shenzhen"]
[BlackTeam "Shanghai"]
[WhiteFideId "8602883"]
[BlackFideId "8601160"]
[EventDate "2017.04.18"]

1. e4 e5 2. Nf3 Nf6 3. Nxe5 d6 4. Nf3 Nxe4 5. d4 d5 6. Bd3 Bf5 7. O-O Be7 8. Re1
Nc6 9. Nc3 Nxc3 10. bxc3 Bxd3 11. cxd3 O-O 12. Rb1 Rb8 13. Rb2 Bd6 14. Rbe2 Qd7
15. Ne5 Qf5 16. g4 Qc8 17. h3 f6 18. Nf3 Qd7 19. Qb3 Qf7 20. Nh4 g6 21. Ng2 f5
22. Bh6 fxg4 23. Bxf8 Rxf8 24. Ne3 gxh3 25. Qxd5 Qxd5 26. Nxd5 Kg7 27. Ne3 b5
28. Ng4 b4 29. d5 h5 30. Nh2 Na5 31. c4 Bc5 32. Rd2 Rf4 33. Re4 Rf5 34. Rh4 b3
35. axb3 Nxb3 36. Rb2 a5 37. d4 Bxd4 38. Rc2 a4 39. Rxh3 Bc5 40. Ra2 Rf4 41. Rc3
Nd4 42. Kg2 Nf5 43. Nf3 a3 44. Re2 g5 45. Ne5 g4 46. Nd7 Rf3 47. Rcc2 Bd4 48.
Red2 h4 49. Ra2 h3+ 50. Kh2 Bxf2 51. Re2 Bg3+ 52. Kg1 h2+ 53. Rxh2 Bxh2+ 54.
Kxh2 Rf2+ 55. Rxf2 g3+ 56. Kg2 gxf2 57. Nc5 Nd4 0-1

[Event "TCh-CHN 2017"]
[Site "China CHN"]
[Date "2017.07.29"]
[Round "11.4"]
[Board "3"]
[White "Naiditsch, Arkadij"]
[Black "Zhou, Jianchao"]
[Result "1/2-1/2"]
[WhiteTitle "GM"]
[BlackTitle "GM"]
[WhiteElo "2705"]
[BlackElo "2597"]
[WhiteTeam "Shenzhen"]
[BlackTeam "Shanghai"]
[WhiteFideId "4650891"]
[BlackFideId "8603537"]
[EventDate "2017.04.18"]

1. e4 e5 2. Nf3 Nc6 3. Bb5 Nf6 4. d3 Bc5 5. Bxc6 dxc6 6. O-O Nd7 7. c3 O-O 8. d4
Bd6 9. Bg5 Be7 10. Bxe7 Qxe7 11. Nbd2 exd4 12. Nxd4 Nf6 13. Qc2 c5 14. Ne2 b6
15. Ng3 h5 16. Rfe1 h4 17. Nf5 Bxf5 18. exf5 Qd6 19. Ne4 Qe5 20. Ng5 Qf4 21. Nh3
Qd6 22. Rad1 Rfe8 23. Re2 Qc6 24. Ng5 Rxe2 25. Qxe2 Qa4 26. b3 Re8 27. Rd8 Qd7
28. Rxe8+ Qxe8 29. Kf1 Qd8 30. c4 Qd4 31. g3 hxg3 32. hxg3 Qg4 33. Qd2 Qd4 34.
Qe3 Qg4 35. Qd2 Qd4 36. Nf3 Qxd2 37. Nxd2 Kf8 38. Ke2 Ke7 39. f3 Nd7 40. Ne4 Ne5
41. Nc3 Nc6 42. Nd5+ Kd6 43. Ke3 Nb4 44. Nc3 Ke5 45. g4 Nc2+ 46. Kd2 Nd4 47. Ke3
Nc2+ 48. Kd3 Nd4 49. Ke3 Nc2+ 1/2-1/2

[Event "TCh-CHN 2017"]
[Site "China CHN"]
[Date "2017.07.29"]
[Round "11.4"]
[Board "4"]
[White "Ni, Shiqun"]
[Black "Bodnaruk, Anastasia"]
[Result "1/2-1/2"]
[WhiteTitle "WGM"]
[BlackTitle "IM"]
[WhiteElo "2441"]
[BlackElo "2428"]
[WhiteTeam "Shanghai"]
[BlackTeam "Shenzhen"]
[WhiteFideId "8608466"]
[BlackFideId "4181751"]
[EventDate "2017.04.18"]

1. e4 c5 2. Nf3 d6 3. Bb5+ Bd7 4. Bxd7+ Qxd7 5. c4 Nf6 6. Nc3 g6 7. d4 cxd4 8.
Nxd4 Bg7 9. h3 O-O 10. Be3 Rc8 11. b3 Nc6 12. O-O Qd8 13. Rc1 a6 14. Qd3 Nd7 15.
Nxc6 bxc6 16. Rfd1 c5 17. f4 Ra7 18. Nd5 Rb7 19. Qc2 e6 20. Nc3 Qe7 21. Rd2 Nb8
22. Rcd1 Nc6 23. Qc1 Nd4 24. Ne2 e5 25. Nc3 exf4 26. Bxf4 Re8 27. Rf2 Qe6 28.
Kh1 Rd7 29. Bh6 Bh8 30. Re1 f5 31. Rff1 Be5 32. Bf4 Rf7 33. Nd5 Ref8 34. Bh6 Re8
35. Bf4 Ref8 36. Bh6 Re8 37. Bf4 Ref8 38. Bh6 Re8 39. Bf4 Ref8 40. Bh6 1/2-1/2

[Event "TCh-CHN 2017"]
[Site "China CHN"]
[Date "2017.07.29"]
[Round "11.4"]
[Board "5"]
[White "Ju, Wenjun"]
[Black "Huang, Qian"]
[Result "1-0"]
[WhiteTitle "GM"]
[BlackTitle "WGM"]
[WhiteElo "2567"]
[BlackElo "2438"]
[WhiteTeam "Shanghai"]
[BlackTeam "Shenzhen"]
[WhiteFideId "8603006"]
[BlackFideId "8602689"]
[EventDate "2017.04.18"]

1. d4 d6 2. Nf3 g6 3. e4 Bg7 4. c3 c6 5. Bd3 Nf6 6. O-O O-O 7. Re1 Bg4 8. Nbd2
e5 9. h3 Bxf3 10. Nxf3 Nbd7 11. a4 Re8 12. dxe5 Nxe5 13. Nxe5 dxe5 14. a5 Nd7
15. Be3 Nf8 16. Bc4 Qc7 17. b4 Ne6 18. Qb3 Bf6 19. Red1 Nf4 20. Ra2 Kg7 21. Rad2
Red8 22. Rxd8 Bxd8 23. Rd2 Kf8 24. Bc5+ Ke8 25. Bd6 Qd7 26. Rd1 Bc7 27. Bc5 1-0

[Event "TCh-CHN 2017"]
[Site "China CHN"]
[Date "2017.07.29"]
[Round "11.5"]
[Board "1"]
[White "Wang, Chen"]
[Black "Bai, Jinshi"]
[Result "1/2-1/2"]
[WhiteTitle "IM"]
[BlackTitle "GM"]
[WhiteElo "2495"]
[BlackElo "2556"]
[WhiteTeam "Chongqing"]
[BlackTeam "Hangzhou"]
[WhiteFideId "8601020"]
[BlackFideId "8602280"]
[EventDate "2017.04.18"]

1. d4 Nf6 2. Nf3 g6 3. g3 Bg7 4. Bg2 d5 5. O-O O-O 6. c4 c6 7. cxd5 cxd5 8. Nc3
Ne4 9. Ne5 Nxc3 10. bxc3 Nc6 11. Nxc6 bxc6 12. Qa4 Qb6 13. Ba3 Qa6 14. Qxa6 Bxa6
15. Rfb1 Bxe2 16. Bxe7 Rfb8 17. Bd6 Rxb1+ 18. Rxb1 Bb5 19. Bf1 a6 20. a4 Bxa4
21. Bxa6 Bf8 22. Bxf8 Kxf8 23. Bd3 Re8 24. Kg2 h6 25. h4 h5 26. Kf1 Kg7 27. Kg2
Re7 28. Kf3 Kh6 29. Kf4 f6 30. Ra1 Bb3 31. Rb1 Ba4 32. Ra1 Bb3 33. Ra6 Re6 34.
Kf3 Bd1+ 35. Kg2 Bg4 36. Rb6 Rd6 37. Rb8 Kg7 38. Rb7+ Rd7 39. Rxd7+ Bxd7 40. Kf3
g5 41. Ke3 Kf7 42. Kd2 Bg4 43. Kc2 Ke7 44. Kb3 Kd6 45. Kb4 Bf3 46. Bg6 Bg4 47.
Be8 Bf3 48. Bg6 1/2-1/2

[Event "TCh-CHN 2017"]
[Site "China CHN"]
[Date "2017.07.29"]
[Round "11.5"]
[Board "2"]
[White "Zhou, Weiqi"]
[Black "Gao, Rui"]
[Result "1-0"]
[WhiteTitle "GM"]
[BlackTitle "GM"]
[WhiteElo "2613"]
[BlackElo "2546"]
[WhiteTeam "Chongqing"]
[BlackTeam "Hangzhou"]
[WhiteFideId "8601674"]
[BlackFideId "8602387"]
[EventDate "2017.04.18"]

1. Nf3 d5 2. g3 Nf6 3. Bg2 g6 4. c4 dxc4 5. Qa4+ Bd7 6. Qxc4 Nc6 7. Nc3 Bg7 8.
d3 Qc8 9. O-O Be6 10. Qa4 Bd7 11. Qa3 Bh3 12. Bg5 Bxg2 13. Kxg2 O-O 14. Rac1 Rd8
15. Rc2 Nd5 16. Nxd5 Rxd5 17. Rfc1 e6 18. Bd2 a5 19. Rc4 Ra6 20. Be3 Rd7 21. h4
Qa8 22. Qb3 a4 23. Qc2 h5 24. Kg1 Ne5 25. Nxe5 Bxe5 26. g4 hxg4 27. Rxg4 Bg7 28.
Qd2 Ra5 29. Rcc4 a3 30. b3 c6 31. Ra4 Rxa4 32. Rxa4 Qd8 33. Qa5 Qf6 34. Kg2 Kh7
35. Qa8 b5 36. Rf4 Qe7 37. Qxc6 Rd5 38. Re4 Rh5 39. Bg5 Qa7 40. Qe8 Qb7 41. f3
Bh6 42. Rf4 f5 43. Rd4 Bg7 44. Rd8 1-0

[Event "TCh-CHN 2017"]
[Site "China CHN"]
[Date "2017.07.29"]
[Round "11.5"]
[Board "3"]
[White "Zeng, Chongsheng"]
[Black "Ma, Qun"]
[Result "1/2-1/2"]
[WhiteTitle "GM"]
[BlackTitle "GM"]
[WhiteElo "2547"]
[BlackElo "2638"]
[WhiteTeam "Chongqing"]
[BlackTeam "Hangzhou"]
[WhiteFideId "8603847"]
[BlackFideId "8603154"]
[EventDate "2017.04.18"]

1. e4 e5 2. Nf3 Nc6 3. Bc4 Bc5 4. c3 Nf6 5. d4 exd4 6. e5 d5 7. Bb5 Ne4 8. cxd4
Bb6 9. Nc3 O-O 10. Be3 f6 11. Qb3 Ba5 12. O-O Nxc3 13. bxc3 Bg4 14. Bxc6 bxc6
15. Qa4 Bb6 16. exf6 Bxf3 17. fxg7 Kxg7 18. gxf3 Qf6 19. Qd1 Qxf3 20. Qxf3 Rxf3
21. Rfb1 Kg6 22. Kg2 Rf6 23. Rb3 Rg8 24. Ra3 Kf5+ 25. Kf3 Ke6+ 26. Ke2 Kd7 27.
Ra6 Kc8 28. Ra4 Rg4 29. Rb4 Kd7 30. h3 Rh4 31. Rh1 Rf5 32. Rbb1 Rfh5 33. Rbg1
Rxh3 34. Rg7+ Ke6 35. Rhg1 Rh1 36. R1g3 Ra1 37. Bf4 Rxa2+ 38. Kf3 Rf5 39. Rxh7
Rf7 40. Rg6+ Ke7 41. Rh8 Kd7 42. Kg3 c5 43. Rh5 cxd4 44. Rxd5+ Kc8 45. cxd4 a5
46. Be3 a4 47. Rb5 a3 48. Rb3 Ra1 49. Kg2 Rf5 50. d5 a2 51. Ra3 Bxe3 52. fxe3
Rxd5 53. Rga6 Rd2+ 54. Kf3 Kd7 55. Ke4 c5 56. R3a4 Kc7 57. Ra7+ Kc6 58. R7a6+
Kc7 59. Ra7+ 1/2-1/2

[Event "TCh-CHN 2017"]
[Site "China CHN"]
[Date "2017.07.29"]
[Round "11.5"]
[Board "4"]
[White "Gu, Tianlu"]
[Black "Tan, Zhongyi"]
[Result "1-0"]
[WhiteTitle "WIM"]
[BlackTitle "GM"]
[WhiteElo "2197"]
[BlackElo "2517"]
[WhiteTeam "Hangzhou"]
[BlackTeam "Chongqing"]
[WhiteFideId "8603995"]
[BlackFideId "8603642"]
[EventDate "2017.04.18"]

1. d4 Nf6 2. c4 e6 3. g3 c5 4. d5 exd5 5. cxd5 d6 6. Nc3 g6 7. Bg2 Bg7 8. Nf3
O-O 9. O-O Re8 10. Nd2 b6 11. Re1 Ba6 12. Nde4 b5 13. Bg5 h6 14. Nxf6+ Bxf6 15.
Bxf6 Qxf6 16. Ne4 Qe5 17. Qd2 f5 18. f4 Qg7 19. Nf2 Nd7 20. e4 Nb6 21. Qa5 Qb7
22. e5 Nc4 23. Qc3 b4 24. Qc2 dxe5 25. d6 e4 26. Nxe4 fxe4 27. Bxe4 Rxe4 28.
Rxe4 Nxd6 29. Re6 Nf5 30. Rxg6+ Ng7 31. Re1 Bb5 32. Qxc5 Re8 33. Re5 Rxe5 34.
Qxe5 Bd3 35. Qe6+ Kh8 36. Rxh6+ Bh7 37. Qg6 Nf5 38. Qxf5 1-0

[Event "TCh-CHN 2017"]
[Site "China CHN"]
[Date "2017.07.29"]
[Round "11.5"]
[Board "5"]
[White "Girya, Olga"]
[Black "Lei, Tingjie"]
[Result "1/2-1/2"]
[WhiteTitle "WGM"]
[BlackTitle "GM"]
[WhiteElo "2484"]
[BlackElo "2528"]
[WhiteTeam "Hangzhou"]
[BlackTeam "Chongqing"]
[WhiteFideId "4195752"]
[BlackFideId "8605114"]
[EventDate "2017.04.18"]

1. d4 d5 2. c4 c6 3. Nf3 Nf6 4. Nc3 e6 5. Bg5 h6 6. Bxf6 Qxf6 7. e3 g6 8. Bd3
Bg7 9. O-O O-O 10. Rc1 Nd7 11. Qb3 dxc4 12. Qxc4 e5 13. Qb3 exd4 14. Ne4 Qe7 15.
exd4 Nf6 16. Nxf6+ Qxf6 17. Ne5 Rb8 18. Rxc6 Be6 19. Nd7 Bxb3 20. Nxf6+ Kh8 21.
Rd6 Rbd8 22. Rxd8 Rxd8 23. axb3 Rxd4 24. Rd1 Bxf6 25. Kf1 Kg7 26. Be2 Rxd1+ 27.
Bxd1 Bxb2 28. Bf3 b6 29. Ke2 Bd4 30. Bd5 Kf6 31. f3 g5 32. Kd3 Bg1 33. h3 Ke5 1/2-1/2

[Event "TCh-CHN 2017"]
[Site "China CHN"]
[Date "2017.07.29"]
[Round "11.6"]
[Board "1"]
[White "Ding, Liren"]
[Black "Zhao, Jun"]
[Result "1/2-1/2"]
[WhiteTitle "GM"]
[BlackTitle "GM"]
[WhiteElo "2777"]
[BlackElo "2604"]
[WhiteTeam "Zhejiang"]
[BlackTeam "Shandong"]
[WhiteFideId "8603677"]
[BlackFideId "8602522"]
[EventDate "2017.04.18"]

1. d4 Nf6 2. c4 e6 3. Nf3 d5 4. g3 Bb4+ 5. Bd2 Be7 6. Bg2 O-O 7. O-O c6 8. b3 b6
9. Bc1 Ba6 10. Nbd2 Nbd7 11. Bb2 Rc8 12. Rc1 Re8 13. Re1 Bb7 14. e3 c5 15. cxd5
Nxd5 16. Qe2 Bf8 17. Red1 cxd4 18. Nxd4 Rxc1 19. Rxc1 Qa8 20. Nb5 Rc8 21. Rxc8
Qxc8 22. Ne4 Qb8 23. h4 a6 24. Nd4 N5f6 25. Qc2 Nxe4 26. Bxe4 Bxe4 27. Qxe4 Qc8
28. Kg2 Nc5 29. Qc6 Qxc6+ 30. Nxc6 Nd3 31. Bd4 b5 32. a4 Nc1 33. axb5 axb5 34.
b4 Na2 35. Na7 Nxb4 36. Nxb5 1/2-1/2

[Event "TCh-CHN 2017"]
[Site "China CHN"]
[Date "2017.07.29"]
[Round "11.6"]
[Board "2"]
[White "Lan, Zilun"]
[Black "Wen, Yang"]
[Result "1/2-1/2"]
[BlackTitle "GM"]
[WhiteElo "2361"]
[BlackElo "2605"]
[WhiteTeam "Zhejiang"]
[BlackTeam "Shandong"]
[WhiteFideId "8604193"]
[BlackFideId "8602956"]
[EventDate "2017.04.18"]

1. d4 d5 2. c4 e6 3. Nc3 c6 4. cxd5 exd5 5. Qc2 Bd6 6. Nf3 h6 7. g3 Na6 8. a3
Nc7 9. Bg2 Nf6 10. O-O O-O 11. Nh4 Re8 12. Nf5 Bf8 13. h3 a6 14. g4 Nb5 15. Nxb5
axb5 16. Ng3 Ne4 17. Nxe4 dxe4 18. Bxe4 Qxd4 19. Bg2 h5 20. gxh5 Qh4 21. Qd3 Be6
22. Qf3 Bc4 23. Be3 Re5 24. Rad1 Be6 25. h6 Bc5 26. Bxc5 Rxc5 27. hxg7 Rg5 28.
Kh2 Re8 29. e4 Bg4 30. Qf4 Qh6 31. Rd6 Be6 32. Qf3 Qxg7 33. Rd2 Kh7 34. Rg1 Rg8
35. Kh1 Qg6 36. Rd3 Rg7 37. Qf4 f6 38. Rg3 Rxg3 39. fxg3 Qxg3 40. Qxf6 Bxh3 41.
Qf3 Bd7 42. Qxg3 Rxg3 43. Re1 1/2-1/2

[Event "TCh-CHN 2017"]
[Site "China CHN"]
[Date "2017.07.29"]
[Round "11.6"]
[Board "3"]
[White "Lu, Shanglei"]
[Black "Bu, Xiangzhi"]
[Result "1/2-1/2"]
[WhiteTitle "GM"]
[BlackTitle "GM"]
[WhiteElo "2641"]
[BlackElo "2730"]
[WhiteTeam "Zhejiang"]
[BlackTeam "Shandong"]
[WhiteFideId "8603332"]
[BlackFideId "8601445"]
[EventDate "2017.04.18"]

1. e4 c5 2. Nf3 Nc6 3. d4 cxd4 4. Nxd4 g6 5. c4 Nf6 6. Nc3 d6 7. Be2 Nxd4 8.
Qxd4 Bg7 9. Bg5 O-O 10. Qd2 a5 11. Rc1 a4 12. f3 Qa5 13. Rc2 Bd7 14. a3 Rfc8 15.
Na2 Qxd2+ 16. Kxd2 Be6 17. Nb4 h6 18. Be3 Nd7 19. Nd5 Bxd5 20. cxd5 Nc5 21. Bxc5
dxc5 22. Rb1 Be5 23. g3 g5 24. Ke3 Bd4+ 25. Kd2 Be5 26. Ke3 Bd4+ 27. Kd2 Be5 28.
Ke3 Bd4+ 29. Kd2 Be5 30. Ke3 Bd4+ 1/2-1/2

[Event "TCh-CHN 2017"]
[Site "China CHN"]
[Date "2017.07.29"]
[Round "11.6"]
[Board "4"]
[White "Ning, Kaiyu"]
[Black "Zhu, Jiner"]
[Result "1-0"]
[WhiteElo "2169"]
[BlackElo "2324"]
[WhiteTeam "Shandong"]
[BlackTeam "Zhejiang"]
[WhiteFideId "8614750"]
[BlackFideId "8608059"]
[EventDate "2017.04.18"]

1. d4 Nf6 2. Nf3 b6 3. g3 Bb7 4. Bg2 e6 5. O-O c5 6. c4 cxd4 7. Nxd4 Bxg2 8.
Kxg2 Qc8 9. b3 Be7 10. Ba3 d6 11. Nc3 O-O 12. e4 a6 13. e5 Ne8 14. Ne4 Qb7 15.
Qf3 d5 16. Nd6 Nxd6 17. exd6 Bf6 18. Rad1 Bxd4 19. Rxd4 Nc6 20. Rh4 f6 21. cxd5
Ne5 22. Qe4 exd5 23. Qxh7+ Kf7 24. Qh5+ Kg8 25. f4 d4+ 26. Kg1 Nc6 27. Qd5+ Rf7
28. Qh5 Rd7 29. Re1 Qc8 30. Qd5+ Rf7 31. Rc1 Qe8 32. Qxc6 Qe3+ 33. Kh1 Re8 34.
f5 d3 35. Bb4 Rd8 36. Re1 Qf2 37. d7 Qxe1+ 38. Bxe1 Rfxd7 39. Bf2 1-0

[Event "TCh-CHN 2017"]
[Site "China CHN"]
[Date "2017.07.29"]
[Round "11.6"]
[Board "5"]
[White "Zhang, Xiaowen"]
[Black "Ding, Yixin"]
[Result "1/2-1/2"]
[WhiteTitle "WGM"]
[BlackTitle "WGM"]
[WhiteElo "2332"]
[BlackElo "2424"]
[WhiteTeam "Shandong"]
[BlackTeam "Zhejiang"]
[WhiteFideId "8603219"]
[BlackFideId "8602972"]
[EventDate "2017.04.18"]

1. e4 c5 2. Nf3 d6 3. d4 cxd4 4. Nxd4 Nf6 5. Nc3 Nc6 6. Bg5 e6 7. Qd2 a6 8.
O-O-O Bd7 9. f4 b5 10. Bxf6 gxf6 11. Kb1 Qb6 12. Nxc6 Bxc6 13. f5 b4 14. Ne2 e5
15. Ng3 h5 16. h4 Qc5 17. Qe2 Ke7 18. Nxh5 Bb5 19. Qg4 Bh6 20. Bd3 Rhg8 21. Qe2
Qe3 22. Bxb5 axb5 23. Qxb5 Qa7 24. Qd5 Qa6 25. Qb3 Rxg2 26. Rhg1 Re2 27. Rg3 Rc8
28. Nxf6 Kxf6 29. Rg6+ fxg6 30. Qe6+ Kg7 31. Qxg6+ Kf8 32. Qxh6+ Ke8 33. Qe6+
Kf8 34. Qh6+ Ke8 35. Qe6+ Kf8 1/2-1/2

[Event "TCh-CHN 2017"]
[Site "China CHN"]
[Date "2017.08.18"]
[Round "12.1"]
[Board "1"]
[White "Yu, Yangyi"]
[Black "Gao, Rui"]
[Result "1-0"]
[WhiteTitle "GM"]
[BlackTitle "GM"]
[WhiteElo "2751"]
[BlackElo "2546"]
[WhiteTeam "Beijing"]
[BlackTeam "Hangzhou"]
[WhiteFideId "8603820"]
[BlackFideId "8602387"]
[EventDate "2017.04.18"]

1. c4 e5 2. g3 c6 3. Nf3 e4 4. Nd4 d5 5. d3 Bc5 6. Nb3 Bb4+ 7. Bd2 Bxd2+ 8. Qxd2
exd3 9. Qxd3 dxc4 10. Qxc4 Nf6 11. Bg2 Be6 12. Qc2 O-O 13. Nc5 Bc8 14. O-O Nbd7
15. Nb3 Qe7 16. Nc3 Nc5 17. Nd4 Rd8 18. Rad1 Bg4 19. h3 Bh5 20. b4 Ne6 21. Nxe6
Qxe6 22. g4 Bg6 23. e4 Qc4 24. Qb3 Qxb3 25. axb3 Ne8 26. b5 f6 27. bxc6 bxc6 28.
Na4 Bf7 29. Nc5 Nc7 30. e5 Rxd1 31. Rxd1 Bd5 32. exf6 gxf6 33. Be4 Re8 34. f3
Re7 35. Kf2 Kg7 36. h4 Bxe4 37. Nxe4 Nd5 38. Rc1 Nb4 39. Kg3 Re5 40. Ra1 a5 41.
Nd6 h5 42. Nc4 Rd5 43. Rxa5 hxg4 44. Kxg4 Rd4+ 45. Kh5 Nd5 46. Ra7+ Kf8 47. Nd6
Nf4+ 48. Kg4 Ng6+ 49. Ne4 Ne7 50. Kg3 Rb4 51. h5 Rxb3 52. Nxf6 Nf5+ 53. Kf4 Nh4
54. Nd7+ Kg8 55. Ne5 Rb5 56. h6 Ng2+ 57. Kf5 Kh8 58. Kf6 Nh4 59. Nf7+ 1-0